| 000 | 01031nam a22002417a 4500 | ||
|---|---|---|---|
| 999 |
_c13358 _d13358 |
||
| 008 | 190307b ||||| |||| 00| 0 eng d | ||
| 020 | _a9789812770592 | ||
| 082 |
_22008 _aAV-Eb-CD 658.4038 _bSt79 |
||
| 100 |
_aStary, Christian.editor _937316 |
||
| 245 |
_aKnowledge Management : _binnovation, technology and cultures/ _cEdited by Christian Stary, Franz Barachini, and Suliman Hawamdeh. |
||
| 260 |
_bWorld Scientific Publishing Co Pte Ltd, _c©2008. |
||
| 300 | _a384 pages; | ||
| 440 |
_aSeries on Innovation and Knowledge Management Ser. _937317 |
||
| 500 | _aIncludes index. | ||
| 650 |
_aInformation technology -- Congresses. _937318 |
||
| 650 |
_aKnowledge management -- Congresses. _937319 |
||
| 650 |
_aTechnological innovations -- Management -- Congresses. _937320 |
||
| 700 |
_aStary, Christian.editor _937316 |
||
| 700 |
_aBarachini, Franz. _937321 |
||
| 700 |
_aHawamdeh ,Suliman . _937322 |
||
| 856 | _yhttps://ebookcentral.proquest.com/lib/uniofmindanao-ebooks/detail.action?docID=1193259 | ||
| 942 |
_2ddc _cEB |
||